000
00266nam a2200097Ia 4500
001
714333
005
20250826162903.0
008
250824s9999 xx 000 0 und d
245
0
_a
PEYGAMBERİMİZDEN GÜNLÜK DUALAR
_c
MUHAMMED SIDDIK FARUKÎ
260
_b
HAYAT YAYINLARI
999
_c
714333
_d
714333